000 00864nam a22002657a 4500
999 _c65501
_d65501
005 20240530110828.0
008 190808s2018 su g 000 0 ara d
017 _bمصر. دار الكتب
020 _a9786039104407
040 _aEG-CaGPL
_cEG-CaGPL
082 0 4 _221
_a306.42/
_bخ ق
100 0 _aخالص جلبى
245 1 0 _aقوانين البناء المعرفى /
_cبقلم خالص جلبى
250 _aط.1
260 _aالرياض :
_bالشقرى للنشر وتقنية المعلومات،
_c2018.
300 _a703 ص. ؛
_c24 سم.
650 0 7 _2qrmak
_aالمعرفة
650 0 7 _2qrmak
_aالثقافة
650 0 7 _2qrmak
_aالقدرة العقلية
650 0 7 _2qrmak
_aالتفكير
651 _2qrmak
653 0 _aالبناء المعرفى
942 _2ddc
_cBK